000 01446nam a2200241Ia 4500
999 _c52003
_d52003
001 19007
003 GE_BSU
005 20220920123318.0
008 181216s2009||||ge |||||||||||||| ||geo||
040 _cGE_BSU
041 _ageo
080 _a82 დ-72
100 _aდოლიძე, თ.
_91949
245 _aინგლისური საგაზეთო - საინფორმაციო ტექსტის სტილის თავისებურებანი : დიასერტაცია /
_cთ. დოლიძე; მეცნ. ხელმძღვ. მ. მეგრელიშვილი; ბათუმის შოთა რუსთაველის სახელმწიფო უნივერსიტეტი.
264 _aბათუმი :
_bბსუ,
_c2009.
300 _a140 გვ. ;
_b30 სმ.
653 _aდისერტაცია
653 _aინგლისური საგაზეთო-საინფორმაციო ტექსტის სტილის თავისებურებანი
653 _aლიტმცოდნეობა
700 _aმეგრელიშვილი, მ.
_eმეცნ. ხელმძღვანელი
_910605
710 _aათუმის შოთა რუსთაველის სახელმწიფო უნივერსიტეტი.
_910468
942 _cBK
_2udc